Kế hoạch cuộc đời : 700 cách đơn giản để thay đổi cho cuộc sống tốt đẹp hơn /
Đã lưu trong:
| Tác giả chính: | |
|---|---|
| Tác giả khác: | |
| Định dạng: | Sách giấy |
| Ngôn ngữ: | Vietnamese |
| Được phát hành: |
Tp. HCM :
Trẻ,
2010.
|
| Những chủ đề: | |
| Các nhãn: |
Thêm thẻ
Không có thẻ, Là người đầu tiên thẻ bản ghi này!
|
| Thư viện lưu trữ: | Thư viện Trường Đại học Đà Lạt |
|---|
| LEADER | 01224nam a2200325 4500 | ||
|---|---|---|---|
| 001 | DLU100109082 | ||
| 005 | ##20100614 | ||
| 040 | # | # | |a DLU |b vie |
| 041 | # | # | |a vie |
| 044 | # | # | |a vn |
| 082 | # | # | |a 158.1 |b AS-R |
| 100 | # | # | |a Ashton, Robert. |
| 245 | # | # | |a Kế hoạch cuộc đời : |b 700 cách đơn giản để thay đổi cho cuộc sống tốt đẹp hơn / |c Robert Ashton; Xuân Nguyễn dịch. |
| 260 | # | # | |a Tp. HCM : |b Trẻ, |c 2010. |
| 300 | # | # | |a 231 tr. : |b minh hoạ ; |c 21 cm. |
| 505 | # | # | |a Theo bạn thành công là gì ? -- Cách xác định đều ưu tiên & thời gian thực hiện -- Tiến hành thay đổi -- Sức khoẻ & vóc dáng cân đối -- Stress -- Thế giới ở nơi làm việc -- Tạo ra nhiều thời gian nhàn rỗi -- Các mối quan hệ -- Con cái -- Cha mẹ -- Tiền bạc -- Nhà cửa -- Về hưu. |
| 653 | # | # | |a Bí quyết thành công |
| 653 | # | # | |a Tâm lý học ứng dụng |
| 700 | # | # | |a Xuân Nguyễn, |e dịch. |
| 923 | # | # | |a 05/2010 |
| 991 | # | # | |a SH |
| 992 | # | # | |a 43000 |
| 994 | # | # | |a DLU |
| 900 | # | # | |a True |
| 911 | # | # | |a Đào Thị Thu Huyền |
| 925 | # | # | |a G |
| 926 | # | # | |a A |
| 927 | # | # | |a SH |
| 980 | # | # | |a Thư viện Trường Đại học Đà Lạt |